|
|
|
|
| LEADER |
00000nam a22000007a 4500 |
| 005 |
20160111131716.0 |
| 007 |
cr|||| |||| |
| 008 |
160111s2015 sp ||||| |||| 00||0 spa d |
| 020 |
|
|
|a 978-85-361-8491-3
|
| 035 |
|
|
|a 13010
|
| 040 |
|
|
|a vLex
|
| 090 |
|
|
|c 5781
|d 5781
|
| 100 |
|
|
|a Mx̀imo Teodoro, Maria Cecl̕ia
|
| 245 |
1 |
0 |
|a Direito Material e Processual do Trabalho
|h [Recurso electrn̤ico] /
|c Maria Cecl̕ia Mx̀imo Teodoro
|
| 256 |
|
|
|a Servicio en ln̕ea
|
| 260 |
|
|
|a Brasil
|b LTR Editora
|c 2015
|
| 300 |
|
|
|a 1 recurso electrn̤ico
|
| 500 |
|
|
|a I Congresso Latino-americano de Direito Material e Processual do Trabalho
|
| 506 |
1 |
|
|a Contenido solo disponible en los productos indicados
|d vLex Global
|d vLex Global (Academic Edition, excluding Law Schools)
|d vLex Global (U.S. Academic Edition, Law Schools)
|d vLex Global (U.S. Academic Edition, excluding Law Schools)
|d vLex Global (Academic Edition, Law Schools)
|
| 650 |
0 |
4 |
|a Derecho procesal
|z Brasil
|
| 740 |
0 |
|
|a vLex libros (servicio en ln̕ea)
|
| 856 |
4 |
0 |
|u http://vlex.com/source/direito-material-processual-trabalho-13010
|z Acceso restringido
|
| 942 |
|
|
|c BOOK
|
| 999 |
0 |
|
|a Procedure (Law)
|